000 00660nam a22002417a 4500
003 UA-OsUOA
001 53594
007 ta
008 20080411b un ||||| |||| 00| 0 ukr d
100 _aЛяшенко А.
700 _aАлдашева А.
700 _aИноземцева В.
090 _a159
_bЛ-12
942 _cSA
040 _aUA-OsUOA
_brus
_cUA-OsUOA
_dUA-OsUOA
245 _aПсихологический анализ социального сиротства
300 _aС.7
955 _a0
041 _arus
080 _a159
773 0 _w53593
_tМы и мир
_dМ.
_d2008
_g3
650 7 _a1 Філософські науки
_2UDC
999 _c339681
_d339681